| 000 | 01138cam a22003257a 4500 | ||
|---|---|---|---|
| 003 | CHAP | ||
| 005 | 20220329140617.0 | ||
| 008 | 971013s r 00010 d | ||
| 010 | _a54711 | ||
| 011 | _a55683 | ||
| 035 | _a59835 | ||
| 040 | _cCHAP | ||
| 090 | _aFolleto 8420 | ||
| 100 | 0 | 0 |
_aSandoval Guerrero, Margarita. _9102132 |
| 245 | 1 | 3 |
_aLa cooperación entre bibliotecas agropecuarias en México _b: algunos aspectos de la situación actual |
| 260 |
_a(s.l.) : _b(s.e.), _c(s.a.) |
||
| 300 | _a8 h. | ||
| 500 | _aPonencia presentada en : Mesa Redonda sobre Cooperación en Bibliotecas (2 : 1983 : Monterrey, N.L.) | ||
| 590 |
_aBATCH-UPD _b10 _c20130110 _lUCH01 _h0717 |
||
| 590 |
_aBATCH-UPD _b10 _c20130110 _lUCH01 _h2331 |
||
| 590 |
_aBATCH-UPD _b10 _c20130410 _lUCH01 _h0402 |
||
| 590 |
_aBATCH-UPD _b10 _c20130914 _lUCH01 _h0624 |
||
| 590 |
_aCONVERSION _b10 _c20130109 _lUCH01 _h1330 |
||
| 650 | 1 | 4 |
_aBibliotecas agrícolas. _912540 |
| 650 | 1 | 4 |
_aCooperación entre bibliotecas. _927770 |
| 700 | 0 |
_aOjeda Trejo, Rosa María. _982920 |
|
| 901 | _aBK | ||
| 942 | _cFOLL | ||
| 949 |
_aFolleto 8420 _bBC _cB _d-129232 _eB _i59835 _si |
||
| 999 |
_c54711 _d54711 |
||